000 00272nam a22001097a 4500
008 170125b xxu||||| |||| 00| 0 eng d
020 _a0397544553
041 _aeng
080 _a618.2
245 _aTHEORITICAL NURSING: DEVELOPMENT & PROGRESS
_cMELEIS, A.I
942 _2udc
_cBK
999 _c3617
_d3617